Normal view
MARC view
- Díaz Hernández, Carlos,
Entry Nombre Personal
001 - NUMERO DE CONTROL
- campo de control: 40159
003 - IDENTIFICADOR DE NUMERO DE CONTROL
- campo de control: UPN
005 - FECHA Y HORA DE LA ÜLTIMA TRANSACCIÓN
- campo de control: 20210219194553.0
008 - DATOS DE LONGITUD FIJA
- campo de control de longitud fija: nabaccnnaabn|||||||||| b |nc|||||d
035 ## - NUMERO DE CONTROL
- Número de control: UPN11000012266
040 ## - FUENTE DE CATALOGACIÓN
- Lenguaje de catalogación: SPA
- Agencia de transcripción: UPN
100 1# - ENCABEZAMIENTO - NOMBRE PERSONAL
- Nombre personal: Díaz Hernández, Carlos,
- Fechas asociadas con el nombre: 1944-
400 1# - VEÁSE - NOMBRE DE PERSONA
- Personal name: Díaz, Carlos,
- Dates associated with a name: 1944-
670 ## - FUENTE EN LA QUE SE LOCALIZARON DATOS
- Cita de la fuente: LC/P
680 ## - NOTA PUBLICA DE ACCESO PÚBLICO
- Frase explicativa de la referencia: Doctor en Filosofía español
902 ## - CATALOGADOR
- Catalogador: MMA/110517
